000 01632nam1a2200277 i 4500
001 RU\NLR\BIBL_A\010401553
005 20260408111703.0
035 _a(NLR Aleph) 010401553
090 _a9709993
_c9709993
100 _a20131119g20139999k y0rusy50 ca
101 0 _arus
102 _aRU
105 _aa ||z||||00yy
200 1 _aСовершенствование качества образования
_eматериалы X (XXVI) Всероссийской научно-методической конференции, 4-6 марта 2013 года
_e[в 4 ч.
_fредкол.: Белокобыльский С.В., д.т.н., проф. (пред.) и др.]
210 _aБратск
_cИзд-во Братского государственного университета
_d2013
215 _d21
300 _aВ надзаг.: М-во образования и науки РФ, ФГБОУ ВПО "Брат. гос. ун-т"
606 1 _aОбразование
_jСъезды, совещания и т.п
_xКачество
_yРоссийская Федерация
_92459440
_3RU\NLR\AUTH\661461557
686 1 _aЧ312.8я431
702 1 _aБелокобыльский
_bС. В.
_f1952-
_gСергей Владимирович
_4340
711 1 2 _a"Совершенствование качества образования", всероссийская научно-методическая конференция
_d10
_eБратск
_f2013
_9383967
_3RU\NLR\AUTH\880358217
852 _aNLR
_j2013-3/34274
942 _cBOOK